<?xml version="1.0" encoding="UTF-8"?>
<record
    xmlns:xsi="http://www.w3.org/2001/XMLSchema-instance"
    xsi:schemaLocation="http://www.loc.gov/MARC21/slim http://www.loc.gov/standards/marcxml/schema/MARC21slim.xsd"
    xmlns="http://www.loc.gov/MARC21/slim">

  <leader>01630nam a2200217Ia 4500</leader>
  <controlfield tag="003">Ost</controlfield>
  <controlfield tag="005">20260507075747.0</controlfield>
  <controlfield tag="008">260507s9999||||xx |||||||||||||| ||und||</controlfield>
  <datafield tag="020" ind1=" " ind2=" ">
    <subfield code="a">4562375977</subfield>
  </datafield>
  <datafield tag="040" ind1=" " ind2=" ">
    <subfield code="c">fsecg</subfield>
  </datafield>
  <datafield tag="041" ind1=" " ind2=" ">
    <subfield code="a">ara</subfield>
  </datafield>
  <datafield tag="082" ind1=" " ind2=" ">
    <subfield code="a">330</subfield>
  </datafield>
  <datafield tag="100" ind1=" " ind2=" ">
    <subfield code="a">&#x627;&#x644;&#x628;&#x647;&#x64A;&#x60C; &#x633;&#x645;&#x64A;&#x631; &#x64A;&#x648;&#x633;&#x641;</subfield>
    <subfield code="e">&#x645;&#x624;&#x644;&#x641;</subfield>
  </datafield>
  <datafield tag="245" ind1=" " ind2="0">
    <subfield code="a">&#x642;&#x648;&#x627;&#x639;&#x62F; &#x627;&#x644;&#x645;&#x633;&#x624;&#x648;&#x644;&#x64A;&#x629; &#x627;&#x644;&#x62A;&#x623;&#x62F;&#x64A;&#x628;&#x64A;&#x629; &#x641;&#x64A; &#x636;&#x648;&#x621; &#x623;&#x62D;&#x643;&#x627;&#x645; &#x627;&#x644;&#x645;&#x62D;&#x643;&#x645;&#x629; &#x627;&#x644;&#x625;&#x62F;&#x627;&#x631;&#x64A;&#x629; &#x627;&#x644;&#x639;&#x644;&#x64A;&#x627; /</subfield>
    <subfield code="c"> &#x633;&#x645;&#x64A;&#x631; &#x64A;&#x648;&#x633;&#x641; &#x627;&#x644;&#x628;&#x647;&#x64A;</subfield>
  </datafield>
  <datafield tag="260" ind1=" " ind2=" ">
    <subfield code="a">&#x627;&#x644;&#x642;&#x627;&#x647;&#x631;&#x629;: </subfield>
    <subfield code="b">&#x62F;&#x627;&#x631; &#x627;&#x644;&#x643;&#x62A;&#x628; &#x627;&#x644;&#x642;&#x627;&#x646;&#x648;&#x646;&#x64A;&#x629;, </subfield>
    <subfield code="c">2002</subfield>
  </datafield>
  <datafield tag="300" ind1=" " ind2=" ">
    <subfield code="a">487  &#x635;&#x641;&#x62D;&#x629;&#x61B; </subfield>
    <subfield code="b">&#x625;&#x64A;&#x636;&#x627;&#x62D;&#x627;&#x62A; &#x61B;</subfield>
    <subfield code="c">25 &#x633;&#x645;</subfield>
  </datafield>
  <datafield tag="520" ind1=" " ind2=" ">
    <subfield code="a">&#x627;&#x644;&#x62C;&#x631;&#x64A;&#x645;&#x629; &#x627;&#x644;&#x62A;&#x623;&#x62F;&#x64A;&#x628;&#x64A;&#x629; &#x644;&#x627;&#x62A;&#x62E;&#x636;&#x639; &#x644;&#x642;&#x627;&#x639;&#x62F;&#x629; &#x644;&#x627; &#x62C;&#x631;&#x64A;&#x645;&#x629; &#x628;&#x62F;&#x648;&#x646; &#x646;&#x635;- &#x627;&#x644;&#x625;&#x637;&#x627;&#x631; &#x627;&#x644;&#x634;&#x631;&#x639;&#x64A; &#x644;&#x62D;&#x642; &#x627;&#x644;&#x634;&#x643;&#x648;&#x649; &#x627;&#x644;&#x645;&#x633;&#x624;&#x648;&#x644;&#x64A;&#x629; &#x627;&#x644;&#x625;&#x634;&#x631;&#x627;&#x641;&#x64A;&#x629;- &#x636;&#x648;&#x627;&#x628;&#x637; &#x648;&#x62C;&#x648;&#x62F; &#x627;&#x644;&#x645;&#x633;&#x624;&#x648;&#x644;&#x64A;&#x629; &#x623;&#x645;&#x646;&#x627;&#x621; &#x627;&#x644;&#x645;&#x62E;&#x627;&#x632;&#x646; &#x648;&#x623;&#x631;&#x628;&#x627;&#x628; &#x627;&#x644;&#x639;&#x647;&#x62F;- &#x62A;&#x635;&#x631;&#x641;&#x627;&#x62A; &#x627;&#x644;&#x639;&#x627;&#x645;&#x644; &#x641;&#x64A; &#x62D;&#x64A;&#x627;&#x62A;&#x647; &#x627;&#x644;&#x62E;&#x627;&#x635;&#x629; &#x643;&#x645;&#x635;&#x62F;&#x631; &#x644;&#x644;&#x630;&#x646;&#x628; &#x627;&#x644;&#x625;&#x62F;&#x627;&#x631;&#x64A;- &#x627;&#x644;&#x634;&#x631;&#x648;&#x637; &#x627;&#x644;&#x625;&#x62C;&#x631;&#x627;&#x626;&#x64A;&#x629; &#x644;&#x644;&#x62A;&#x62D;&#x642;&#x64A;&#x642;- &#x627;&#x644;&#x625;&#x62A;&#x635;&#x627;&#x644; &#x628;&#x627;&#x644;&#x62A;&#x62D;&#x642;&#x64A;&#x642; &#x64A;&#x643;&#x648;&#x646; &#x628;&#x646;&#x627;&#x621; &#x639;&#x644;&#x649; &#x62A;&#x642;&#x627;&#x631;&#x64A;&#x631; &#x646;&#x647;&#x627;&#x626;&#x64A;&#x629; &#x648;&#x644;&#x64A;&#x633;&#x62A; &#x645;&#x628;&#x62F;&#x626;&#x64A;&#x629;- &#x623;&#x639;&#x636;&#x627;&#x621; &#x627;&#x644;&#x625;&#x62F;&#x627;&#x631;&#x627;&#x62A; &#x627;&#x644;&#x642;&#x627;&#x646;&#x648;&#x646;&#x64A;&#x629; &#x627;&#x644;&#x634;&#x631;&#x648;&#x637; &#x627;&#x644;&#x645;&#x648;&#x636;&#x648;&#x639;&#x64A;&#x629; &#x644;&#x644;&#x62A;&#x62D;&#x642;&#x64A;&#x642;- &#x627;&#x644;&#x637;&#x639;&#x646; &#x639;&#x644;&#x649; &#x642;&#x631;&#x627;&#x631; &#x627;&#x644;&#x62C;&#x632;&#x627;&#x621; &#x645;&#x64A;&#x639;&#x627;&#x62F; &#x627;&#x644;&#x637;&#x639;&#x646; &#x648;&#x628;&#x62F;&#x621; &#x633;&#x631;&#x64A;&#x627;&#x646;&#x647;- &#x627;&#x644;&#x645;&#x62D;&#x643;&#x645;&#x629; &#x627;&#x644;&#x62A;&#x623;&#x62F;&#x64A;&#x628;&#x64A;&#x629; &#x627;&#x644;&#x645;&#x62E;&#x62A;&#x635;&#x629; &#x645;&#x62D;&#x644;&#x64A;&#x627; &#x648;&#x648;&#x638;&#x64A;&#x641;&#x64A;&#x627;- &#x62A;&#x642;&#x631;&#x64A;&#x631; &#x627;&#x644;&#x637;&#x639;&#x646;- &#x627;&#x644;&#x625;&#x637;&#x627;&#x631; &#x627;&#x644;&#x634;&#x631;&#x639;&#x64A; &#x644;&#x644;&#x642;&#x631;&#x627;&#x631;&#x627;&#x62A; &#x627;&#x644;&#x635;&#x627;&#x62F;&#x631;&#x629; &#x639;&#x646; &#x645;&#x62C;&#x627;&#x644;&#x633; &#x627;&#x644;&#x62A;&#x623;&#x62F;&#x64A;&#x628;.</subfield>
  </datafield>
  <datafield tag="653" ind1=" " ind2=" ">
    <subfield code="a">&#x627;&#x644;&#x642;&#x627;&#x646;&#x648;&#x646; &#x627;&#x644;&#x625;&#x62F;&#x627;&#x631;&#x64A;</subfield>
  </datafield>
  <datafield tag="653" ind1=" " ind2=" ">
    <subfield code="a">&#x627;&#x644;&#x645;&#x633;&#x624;&#x648;&#x644;&#x64A;&#x629; &#x627;&#x644;&#x62A;&#x623;&#x62F;&#x64A;&#x628;&#x64A;&#x629;</subfield>
  </datafield>
  <datafield tag="942" ind1=" " ind2=" ">
    <subfield code="c">&#x643;&#x62A;&#x627;&#x628;</subfield>
  </datafield>
  <datafield tag="952" ind1=" " ind2=" ">
    <subfield code="0">0</subfield>
    <subfield code="1">0</subfield>
    <subfield code="2">lcc</subfield>
    <subfield code="4">0</subfield>
    <subfield code="7">-1</subfield>
    <subfield code="a">fsecg</subfield>
    <subfield code="b">fsecg</subfield>
    <subfield code="d">2026-05-07</subfield>
    <subfield code="h">&#x627;&#x644;&#x637;&#x627;&#x628;&#x642; &#x627;&#x644;&#x623;&#x631;&#x636;&#x64A;</subfield>
    <subfield code="i">1387/1</subfield>
    <subfield code="l">0</subfield>
    <subfield code="o">&#x623;/1387&#x646;1</subfield>
    <subfield code="p">1387/1</subfield>
    <subfield code="r">2026-05-07 07:57:47</subfield>
    <subfield code="w">2026-05-07</subfield>
    <subfield code="y">&#x643;&#x62A;&#x627;&#x628;</subfield>
  </datafield>
  <datafield tag="999" ind1=" " ind2=" ">
    <subfield code="c">46201</subfield>
    <subfield code="d">46201</subfield>
  </datafield>
</record>
